| 000 | 00631nam a2200205 u 4500 | ||
|---|---|---|---|
| 005 | 20240806064035.0 | ||
| 008 | 100426s2006 mx r 000 0 spa d | ||
| 020 | _a9686871950 | ||
| 035 | _aUPN01000175519 | ||
| 049 | _aCG | ||
| 050 | 4 |
_aPS2116 _bT7.3 |
|
| 100 | 1 |
_aJames, Henry, _d1843-1916 _928775 |
|
| 245 | 1 | 0 |
_aTres cuentos de fantasmas / _cHenry James ; tr. Carlos Pujol. |
| 260 |
_aMéxico : _bFactoría Ediciones, _c2006. |
||
| 300 | _a151 p. | ||
| 440 | 3 |
_aEl altar de los muertos. _pFantástica ; _v4 |
|
| 534 |
_pTítulo original: _tThe ghostly rental |
||
| 650 | 4 |
_aLiteratura estadounidense _95229 |
|
| 905 | _aLibro | ||
| 999 |
_c147623 _d147623 |
||